Online katalóg knižníc regiónu Turca

Araba nemiluj (Record no. 22043)

MARC details
000 -LEADER
fixed length control field 01546cam a2200433 4500
001 - CONTROL NUMBER
control field 22043
003 - CONTROL NUMBER IDENTIFIER
control field VRT
005 - DATE AND TIME OF LATEST TRANSACTION
control field 20260318094120.0
008 - FIXED-LENGTH DATA ELEMENTS--GENERAL INFORMATION
fixed length control field 200316s2018 xo gr 010 fdslo
015 ## - NATIONAL BIBLIOGRAPHY NUMBER
National bibliography number SNBA2018/05
020 ## - INTERNATIONAL STANDARD BOOK NUMBER
International Standard Book Number 9788056901854
Qualifying information (brožované)
035 ## - SYSTEM CONTROL NUMBER
System control number urn:nbn:sk:snk-am00dhvj
035 ## - SYSTEM CONTROL NUMBER
System control number urn:nbn:sk:snk-am3i2t3
035 ## - SYSTEM CONTROL NUMBER
System control number BFB10640-C40C-452E-B87A-8FA8B1344C1E
039 #9 - LEVEL OF BIBLIOGRAPHIC CONTROL AND CODING DETAIL [OBSOLETE]
Level of rules in bibliographic description 202003161008
Level of effort used to assign nonsubject heading access points VLOAD
Level of effort used to assign subject headings 201805140903
Level of effort used to assign classification msnk21
Level of effort used to assign subject headings 201804120922
Level of effort used to assign classification msnk134
Level of effort used to assign subject headings 201803201335
Level of effort used to assign classification msvkbb03
040 ## - CATALOGING SOURCE
Original cataloging agency SVKBB
Language of cataloging slo
Transcribing agency SVKBB
Modifying agency SNK
Description conventions rda
041 0# - LANGUAGE CODE
Language code of text/sound track or separate title slo
044 ## - COUNTRY OF PUBLISHING/PRODUCING ENTITY CODE
MARC country code xo
ISO country code SK
072 #7 - SUBJECT CATEGORY CODE
Subject category code 821.162.4-3
Subject category code subdivision Slovenská próza
Source konspekt
080 ## - UNIVERSAL DECIMAL CLASSIFICATION NUMBER
Universal Decimal Classification number 821.162.4-31
Edition identifier 2011
100 1# - MAIN ENTRY--PERSONAL NAME
Personal name Manáková, Mirka,
Dates associated with a name 1984-
Relationship aut
245 10 - TITLE STATEMENT
Title Araba nemiluj
Statement of responsibility, etc. Mirka Manáková
250 ## - EDITION STATEMENT
Edition statement 2. vydanie
264 #1 - PRODUCTION, PUBLICATION, DISTRIBUTION, MANUFACTURE, AND COPYRIGHT NOTICE
Place of production, publication, distribution, manufacture Bratislava
Name of producer, publisher, distributor, manufacturer Marenčin PT
Date of production, publication, distribution, manufacture, or copyright notice 2018
300 ## - PHYSICAL DESCRIPTION
Extent 208 strán
Dimensions 21 cm
336 ## - CONTENT TYPE
Content type term text
Content type code txt
Source rdacontent
337 ## - MEDIA TYPE
Media type term bez média
Media type code n
Source rdamedia
338 ## - CARRIER TYPE
Carrier type term zväzok
Carrier type code nc
Source rdacarrier
500 ## - GENERAL NOTE
General note Obsahuje biografické údaje o autorke na prebale
655 #7 - INDEX TERM--GENRE/FORM
Genre/form data or focus term slovenské romány
Source of term SNKPH
655 #7 - INDEX TERM--GENRE/FORM
Genre/form data or focus term Slovak fiction
Source of term SNKPHeng
942 ## - ADDED ENTRY ELEMENTS (KOHA)
Source of classification or shelving scheme Dewey Decimal Classification
Koha item type Krásna literatúra pre dospelých
Suppress in OPAC No
949 ## - LOCAL PROCESSING INFORMATION (OCLC)
6 270001000587343
a svkbbA 153675
b svkbbm 775067
949 ## - LOCAL PROCESSING INFORMATION (OCLC)
6 2889336699
a savukPV 25887
b savuk2018/1183
949 ## - LOCAL PROCESSING INFORMATION (OCLC)
6 17A1329538
a snkSC 179120
b snk2018/8363
o 795/2018
s 6100:20180521
949 ## - LOCAL PROCESSING INFORMATION (OCLC)
6 17A1329539
a snkSC 179120 D1
b snk2018/8364
o 795/2018
949 ## - LOCAL PROCESSING INFORMATION (OCLC)
6 273K0636917
a svkpoA 240175
b svkpo630553
Holdings
Stav vyradenia Strata Poškodenie Spôsob nadobudnutia Domovská knižnica Aktuálna knižnica Dátum nadobudnutia Total checkouts Čiarový kód exemplára Date last seen Typ exemplára
      Dar Obecná knižnica Turčianska Štiavnička Obecná knižnica Turčianska Štiavnička 18.03.2026   4738000538 18.03.2026 Krásna literatúra pre dospelých
Projekt je podporený Slovenskou asociáciou knižníc
Prevádzkuje Turčianska knižnica Martin 2026